AS Roma 2010's Starting XI - Statistics

General Stats
  • This quiz has been taken 4,417 times
    4,092 since last reset
  • The average score is 23 of 54
Answer Stats
Player % Correct
Edin Džeko
97%
Mohamed Salah
90%
Kostas Manolas
89%
Francesco Totti
88%
Miralem Pjanić
88%
Alisson
84%
Wojciech Szczęsny
82%
Daniele De Rossi
79%
Aleksandar Kolarov
76%
Robin Olsen
75%
Radja Nainggolan
74%
Gervinho
70%
Alessandro Florenzi
66%
Antonio Rüdiger
63%
Stephan El Shaarawy
62%
Federico Fazio
59%
Lorenzo Pellegrini
58%
Kevin Strootman
56%
Medhi Benatia
55%
Maarten Stekelenburg
50%
John Arne Riise
49%
Mirko Vučinić
49%
Bryan Cristante
43%
Maicon
42%
Diego Perotti
40%
Michael Bradley
38%
Morgan De Sanctis
36%
Steven Nzonzi
36%
Lucas Digne
35%
Juan
34%
Nicolò Zaniolo
30%
José Holebas
28%
Bruno Peres
27%
David Pizarro
27%
Jérémy Ménez
26%
Érik Lamela
25%
Adem Ljajić
24%
Simone Perrotta
23%
Dani Osvaldo
21%
Leandro Castán
21%
Nicolás Burdisso
21%
Júlio Sérgio
19%
Emerson
17%
Mapou Yanga-Mbiwa
17%
Marco Borriello
17%
Rodrigo Taddei
17%
Federico Balzaretti
15%
Gabriel Heinze
15%
Dodô
14%
Iván Piris
13%
Marco Cassetti
13%
Fernando Gago
10%
José Ángel
8%
Aleandro Rosi
4%
No matching quizzes found
Score Distribution
Percent of People with Each Score
Percentile by Number Answered
Your Score History
You have not taken this quiz since the last reset